Matrimonio y virginidad en la iglesia antigua / Adalbert G. Hamman ; traducido por Ramón Alfonso Díez Aragón y María del Carmen Blanco Moreno (Registro nro. 42134)
[ vista simple ]
| 000 -LÍDER | |
|---|---|
| Campo fijo de descripción fija | 009180000a22002170004500 |
| 020 ## - NÚMERO INTERNACIONAL NORMALIZADO PARA LIBROS | |
| Número Internacional Normalizado del libro | 84-330-1470-6 |
| 082 04 - NÚMERO DE CLASIFICACIÓN DECIMAL DEWEY | |
| Número de clasificación | G 270.092 H2242m |
| 001 - NÚMERO DE CONTROL | |
| Campo de control | 13144 |
| 100 1# - ASIENTO PRINCIPAL--NOMBRE PERSONAL | |
| Nombre personal | Hamman, Adalbert G. (1910-) |
| 245 10 - TÍTULO | |
| Título del Material | Matrimonio y virginidad en la iglesia antigua / Adalbert G. Hamman ; traducido por Ramón Alfonso Díez Aragón y María del Carmen Blanco Moreno |
| 260 ## - PUBLICACIÓN, DISTRIBUCIÓN, ETC. (PIE DE IMPRENTA) | |
| Lugar de publicación, distribución, etc. | Col. Biblioteca Catecumenal |
| 300 ## - DESCRIPCIÓN FÍSICA | |
| Extensión | 212 p. |
| 336 ## - CONTENT TYPE | |
| Content type term | texto |
| Content type code | txt |
| Source | rdacontent |
| 337 ## - MEDIA TYPE | |
| Source | rdamedia |
| Media type term | sin mediación |
| Media type code | n |
| 338 ## - CARRIER TYPE | |
| Source | rdacarrier |
| Carrier type term | volumen |
| Carrier type code | nc |
| 500 ## - NOTA GENERAL | |
| Nota General | Título original en francés: mariage et virginité dans l'Église ancienne |
| 501 ## - NOTA DE “CON” | |
| Nota de Contenido | rústico |
| 505 00 - NOTA DE CONTENIDO | |
| Nota de contenido con formato preestablecido | Dos cartas dirigidas a las vírgenes -- Tertuliano, a su esposa -- Gregorio de Nisa, vida de Macrina -- Ambrosio de Milán |
| 650 14 - ASIENTO SECUNDARIO DE MATERIA - TERMINO TEMÁTICO | |
| Término temático o nombre geográfico como elemento de entrada | IGLESIA - HISTORIA \ MATRIMONIO - PATRISTICA \ PATRISTICA \ MATRIMONIO - PADRES DE LA IGLESIA |
| 942 ## - TIPO DE MATERIAL (KOHA) | |
| Tipo de Item KOHA | Libros General |
| Estado de Material | Estado de Perdido | Estado de Dañado | No para Préstamo | Colección | Tomo | Biblioteca de Origen | Biblioteca Permanente | Fecha de Adquisición | Total de Préstamos | Total de Renovaciones | Signatura Topográfica | Código de Barras | Última vez visto | Última vez Préstado | Ejemplar/Existencia | Fecha de Remplazo | Tipo de Material |
|---|---|---|---|---|---|---|---|---|---|---|---|---|---|---|---|---|---|
| Colección General | Biblioteca FUSBC | Biblioteca FUSBC | 30/10/2013 | 6 | 1 | G 270.092 H2242m | 17941 | 20/10/2023 | 13/10/2023 | 1 | 26/01/2016 | Libros General |
